|
|
|
|
| LEADER |
02581nam a22005175i 4500 |
| 001 |
978-3-642-19583-9 |
| 003 |
DE-He213 |
| 005 |
20151116135827.0 |
| 007 |
cr nn 008mamaa |
| 008 |
110309s2011 gw | s |||| 0|eng d |
| 020 |
|
|
|a 9783642195839
|9 978-3-642-19583-9
|
| 024 |
7 |
|
|a 10.1007/978-3-642-19583-9
|2 doi
|
| 040 |
|
|
|d GrThAP
|
| 050 |
|
4 |
|a QA76.758
|
| 072 |
|
7 |
|a UMZ
|2 bicssc
|
| 072 |
|
7 |
|a COM051230
|2 bisacsh
|
| 082 |
0 |
4 |
|a 005.1
|2 23
|
| 245 |
1 |
0 |
|a Hardware and Software: Verification and Testing
|h [electronic resource] :
|b 6th International Haifa Verification Conference, HVC 2010, Haifa, Israel, October 4-7, 2010. Revised Selected Papers /
|c edited by Sharon Barner, Ian Harris, Daniel Kroening, Orna Raz.
|
| 264 |
|
1 |
|a Berlin, Heidelberg :
|b Springer Berlin Heidelberg,
|c 2011.
|
| 300 |
|
|
|a X, 197 p. 51 illus., 13 illus. in color.
|b online resource.
|
| 336 |
|
|
|a text
|b txt
|2 rdacontent
|
| 337 |
|
|
|a computer
|b c
|2 rdamedia
|
| 338 |
|
|
|a online resource
|b cr
|2 rdacarrier
|
| 347 |
|
|
|a text file
|b PDF
|2 rda
|
| 490 |
1 |
|
|a Lecture Notes in Computer Science,
|x 0302-9743 ;
|v 6504
|
| 520 |
|
|
|a This book constitutes the thoroughly refereed post-conference proceedings of the 6th International Haifa Verification Conference, HVC 2010, held in Haifa, Israel in October 2010. The 10 revised full papers presented together with 7 invited papers were carefully reviewed and selected from 30 submissions. The papers address all current issues, challenges and future directions of verification for hardware, software, and hybrid systems and have a research focus on hybrid methods and the migration of methods and ideas between hardware and software, static and dynamic analysis, pre- and post-silicon.
|
| 650 |
|
0 |
|a Computer science.
|
| 650 |
|
0 |
|a Software engineering.
|
| 650 |
|
0 |
|a Programming languages (Electronic computers).
|
| 650 |
|
0 |
|a Computer logic.
|
| 650 |
1 |
4 |
|a Computer Science.
|
| 650 |
2 |
4 |
|a Software Engineering.
|
| 650 |
2 |
4 |
|a Logics and Meanings of Programs.
|
| 650 |
2 |
4 |
|a Programming Languages, Compilers, Interpreters.
|
| 700 |
1 |
|
|a Barner, Sharon.
|e editor.
|
| 700 |
1 |
|
|a Harris, Ian.
|e editor.
|
| 700 |
1 |
|
|a Kroening, Daniel.
|e editor.
|
| 700 |
1 |
|
|a Raz, Orna.
|e editor.
|
| 710 |
2 |
|
|a SpringerLink (Online service)
|
| 773 |
0 |
|
|t Springer eBooks
|
| 776 |
0 |
8 |
|i Printed edition:
|z 9783642195822
|
| 830 |
|
0 |
|a Lecture Notes in Computer Science,
|x 0302-9743 ;
|v 6504
|
| 856 |
4 |
0 |
|u http://dx.doi.org/10.1007/978-3-642-19583-9
|z Full Text via HEAL-Link
|
| 912 |
|
|
|a ZDB-2-SCS
|
| 912 |
|
|
|a ZDB-2-LNC
|
| 950 |
|
|
|a Computer Science (Springer-11645)
|